| 000 | 01955nam a22002657a 4500 | ||
|---|---|---|---|
| 003 | Uzh_bibl | ||
| 008 | 260429b |||||||| |||| 00| 0 ukr d | ||
| 020 |
_a978-966-942-956-8 _c200.00 |
||
| 040 | _bукр. | ||
| 041 |
_2ukr _aukr |
||
| 080 | _a821(477) | ||
| 090 |
_a821(477) _bК 59 |
||
| 100 | _aКокотюха , Андрій | ||
| 245 |
_aВигнанець і навчена відьма _cобкл. О. Скворчинської _hТекст |
||
| 260 |
_aХарків _bВіват _c2019 |
||
| 300 |
_a304 с. _fВ опр. |
||
| 490 | _aСерія "Художня література" | ||
| 520 | _aЛіто 1911 року. Колишній київський слідчий, а тепер вигнанець Платон Чечель виконує в Полтаві делікатне доручення. Але його затримує в місті ще одна історія — не кримінальна, а містична. У краї діється щось дивне. Псується погода, масово мре худоба, молоду місцеву поміщицю звинувачено у відьомстві, а за всім цим криються старі чужі сімейні гріхи — кривава розплата за які невідворотна. Які ж чорти ховаються в заболоченому кутку Полтавщини? Чому господарі посміхаються й водночас гострять на чужинців ножі? Встановити істину для Платона — справа честі. І виживання… | ||
| 521 | _aДля широкого кола читачів | ||
| 546 | _aукр. | ||
| 650 | _aЛітературно-художнє видання | ||
| 653 |
_aМістика _aВідьма _aСлідчий |
||
| 655 |
_aДетектив _vРоман _y1911 _zПолтава |
||
| 942 |
_2udc _cBK |
||
| 999 |
_c17561 _d17561 |
||